Doświadczenie przemian etyczno-moralnych w nowej Europie (1989 - 2009)

Bibliographic Details
Main Author: Magdalena, Jarocka-Bystrzycka (Author)
Format: Article
Language:Polish

MARC

LEADER 00000nab a2200000ua 4500
001 vtls010855788
003 SK-MaSNL
005 20260303110133.0
008 230121s2009 xo |||||||||||||||||pol|
035 |a (urnnbn)urn:nbn:sk:snk:ar-a07huk 
035 |a urn:nbn:sk:snk-ab6f10 
035 |a (uuid)540010c2-d239-47e1-a7b9-3bc198d93a78 
040 |a SNKBUCL  |b slo  |c SNKBUCL  |e AACR2 
041 0 |a pol 
044 |a xo  |c SK 
100 1 |a Magdalena, Jarocka-Bystrzycka  |4 aut  |9 1121842 
245 1 0 |a Doświadczenie przemian etyczno-moralnych w nowej Europie (1989 - 2009)  |c Magdalena Jarocka-Bystrzycka 
773 0 |t Fides : zborník prác poslucháčov Teologického inštitútu  |g Roč. 16, č. 16 (2009), s. 145-149 
954 |a odborná, vedecká literatúra cudzojazyčná (svetová)  |2 lita 
954 |a odborná, vedecká literatúra pôvodná (slovenská)  |2 lita 
958 |a OND 
958 |a EUIPO 
958 |a article5 
999 |c 1868209  |d 1870139